[Event "Moscow Victory Day-C"]
[Site "Moscow"]
[Date "2011.05.18"]
[Round "8"]
[White "Varnavski, Sergei"]
[Black "Paravyan, David"]
[Result "1/2-1/2"]
[WhiteElo "2307"]
[BlackElo "2151"]
[PlyCount "78"]
[EventDate "2011.05.10"]
[EventType "tourn"]
[EventRounds "13"]
[EventCountry "RUS"]
[EventCategory "2"]
[SourceTitle "EXT 2012"]
[Source "ChessBase"]
[SourceDate "2011.11.24"]
[SourceVersion "1"]
[SourceVersionDate "2011.11.24"]
[SourceQuality "1"]

1. d4 Nf6 2. c4 c5 3. Nf3 cxd4 4. Nxd4 b6 5. Nc3 Bb7 6. f3 e6 7. e4 d6 8. Be3 Be7 9. Be2 0-0 10. 0-0 Nbd7 11. Qd2 a6 12. a4 Qb8 13. Kh1 Bd8 14. b4 Bc7 15. Bg1 Kh8 16. Nb3 d5 17. exd5 exd5 18. cxd5 Bf4 19. Qb2 Qd6 20. Nd4 Nxd5 21. Nxd5 Qxd5 22. Rfd1 Nf6 23. b5 axb5 24. Bxb5 Qh5 25. Qf2 Nd5 26. Ne2 Bd6 27. Ng3 Qg6 28. Ne4 Bf4 29. Qd4 Rad8 30. g3 f5 31. Nc3 Bc7 32. Nxd5 Rxd5 33. Qxd5 Bxd5 34. Rxd5 h6 35. Re1 Bd6 36. Red1 Bc5 37. Bxc5 bxc5 38. Rxc5 Qe6 39. Rc3 Qb6 1/2-1/2

[Event "Moscow Victory Day-C"]
[Site "Moscow"]
[Date "2011.05.13"]
[Round "4"]
[White "Varnavski, Sergei"]
[Black "Vasilevich, Irina"]
[Result "0-1"]
[WhiteElo "2307"]
[BlackElo "2342"]
[PlyCount "98"]
[EventDate "2011.05.10"]
[EventType "tourn"]
[EventRounds "13"]
[EventCountry "RUS"]
[EventCategory "2"]
[SourceTitle "EXT 2012"]
[Source "ChessBase"]
[SourceDate "2011.11.24"]
[SourceVersion "1"]
[SourceVersionDate "2011.11.24"]
[SourceQuality "1"]

1. d4 Nf6 2. c4 Nc6 3. Nc3 e5 4. d5 Ne7 5. Nf3 Ng6 6. g3 Bb4 7. Qb3 a5 8. a3 Bxc3+ 9. Qxc3 d6 10. b3 Ne4 11. Qc2 f5 12. Bg2 0-0 13. 0-0 b6 14. Ra2 Bd7 15. e3 Qe7 16. Nd2 Nxd2 17. Bxd2 f4 18. exf4 exf4 19. Re1 Qf7 20. Bxf4 Nxf4 21. gxf4 Qxf4 22. Qd2 Qh4 23. Re4 Qh5 24. Re7 Rad8 25. Qe2 Bg4 26. Qe3 Qg6 27. Ra1 Rf6 28. Qg3 Rdf8 29. Rae1 R6f7 30. h3 Bf5 31. Qxg6 Bxg6 32. Rxf7 Rxf7 33. Re8+ Rf8 34. Re7 Rc8 35. b4 Kf8 36. Re3 Re8 37. Rxe8+ Kxe8 38. Bf1 Kf7 39. f4 axb4 40. axb4 Bc2 41. Kf2 Kf6 42. h4 Kf5 43. Kf3 Bd1+ 44. Ke3 Kg4 45. Bd3 h5 46. f5 Kxh4 47. Kf4 Bb3 48. b5 Bd1 49. Be4 Be2 0-1

[Event "Moscow-chT U26 final"]
[Site "Moscow"]
[Date "2010.11.30"]
[Round "9"]
[White "Varnavski, Sergei"]
[Black "Shvydkin, Pavel"]
[Result "0-1"]
[WhiteElo "2291"]
[BlackElo "2064"]
[PlyCount "72"]
[EventDate "2010.11.07"]
[EventType "team-tourn"]
[EventRounds "9"]
[EventCountry "RUS"]
[SourceTitle "EXT 2012"]
[Source "ChessBase"]
[SourceDate "2011.11.24"]
[SourceVersion "1"]
[SourceVersionDate "2011.11.24"]
[SourceQuality "1"]

1. d4 d5 2. c4 c6 3. Nc3 Nf6 4. Nf3 e6 5. e3 Nbd7 6. Qc2 Qc7 7. Bd2 a6 8. Rc1 Bd6 9. c5 Be7 10. e4 e5 11. exd5 cxd5 12. Be2 e4 13. Nh4 Nf8 14. g3 Bh3 15. Qa4+ Qc6 16. Bb5 axb5 17. Qxa8+ Bd8 18. b4 Ne6 19. a4 Nxd4 20. Be3 Nb3 21. axb5 Qe6 22. Rd1 0-0 23. Qa3 d4 24. Bxd4 Qc4 25. Be5 Ng4 26. Rb1 Nd2 27. Kxd2 Nxe5 28. Rbd1 Qd3+ 29. Kc1 Bg5+ 30. f4 exf3+ 31. Kb2 Nc4+ 32. Kb3 Bd2 33. Qc1 Be6 34. Rxd2 Nxd2+ 35. Kb2 Ra8 36. Rd1 Ra2+ 0-1

[Event "Moscow Dvorkovich Memorial"]
[Site "Moscow"]
[Date "2009.09.18"]
[Round "11"]
[White "Erzhanov, Arman"]
[Black "Varnavski, Sergei"]
[Result "0-1"]
[WhiteElo "2417"]
[BlackElo "2303"]
[PlyCount "88"]
[EventDate "2009.09.08"]
[EventType "tourn"]
[EventRounds "13"]
[EventCountry "RUS"]
[EventCategory "4"]
[SourceTitle "CBM 132 Extra"]
[Source "ChessBase"]
[SourceDate "2009.11.03"]
[SourceVersion "1"]
[SourceVersionDate "2009.11.03"]
[SourceQuality "1"]

1. e4 c5 2. Nf3 a6 3. d4 cxd4 4. c3 dxc3 5. Nxc3 e6 6. Bc4 Ne7 7. Bg5 Nbc6 8. 0-0 f6 9. Be3 b5 10. Bb3 Na5 11. Bc2 Nc4 12. e5 f5 13. Bc1 Qc7 14. Re1 Ng6 15. Ng5 Be7 16. Qh5 Bxg5 17. Qxg5 0-0 18. a3 Ncxe5 19. Re3 Rf6 20. Rg3 Bb7 21. h4 Nf7 22. Qh5 d5 23. Bg5 Nxg5 24. hxg5 Nf4 25. Qh4 Rf7 26. Bd1 g6 27. Ne2 Nxe2+ 28. Bxe2 e5 29. Rc3 Qd6 30. Rac1 Rd8 31. Rc5 e4 32. Bd1 Qe5 33. b4 f4 34. Bb3 f3 35. Rd1 fxg2 36. Rc2 Rdf8 37. Re2 Rf3 38. Rxe4 Qc7 39. Re3 Rxe3 40. fxe3 Qc3 41. Qh3 Rf5 42. Bxd5+ Bxd5 43. Rxd5 Qc1+ 44. Kxg2 Qf1+ 0-1

[Event "Moscow Dvorkovich Memorial"]
[Site "Moscow"]
[Date "2009.09.11"]
[Round "3"]
[White "Antipov, Mikhail Al"]
[Black "Varnavski, Sergei"]
[Result "1-0"]
[WhiteElo "2176"]
[BlackElo "2303"]
[PlyCount "53"]
[EventDate "2009.09.08"]
[EventType "tourn"]
[EventRounds "13"]
[EventCountry "RUS"]
[EventCategory "4"]
[SourceTitle "CBM 132 Extra"]
[Source "ChessBase"]
[SourceDate "2009.11.03"]
[SourceVersion "1"]
[SourceVersionDate "2009.11.03"]
[SourceQuality "1"]

1. e4 c5 2. Nf3 Nc6 3. Bb5 Qc7 4. 0-0 e6 5. Re1 a6 6. Bxc6 Qxc6 7. d4 cxd4 8. Nxd4 Qc7 9. Nc3 d6 10. Nf5 Nf6 11. Bf4 e5 12. Bg5 Bxf5 13. exf5 Nd7 14. Nd5 Qc6 15. c4 Nb6 16. Nxb6 Qxb6 17. c5 Qxc5 18. Rc1 Qb5 19. Rc7 f6 20. Qh5+ Kd8 21. Rec1 fxg5 22. Qxg5+ Ke8 23. Qh5+ Kd8 24. Qf7 Qe8 25. Qd5 Rb8 26. Qa5 Qb5 27. Rc8+ 1-0

[Event "BLR-ch U20"]
[Site "Minsk"]
[Date "2009.08.10"]
[Round "1"]
[White "Varnavski, Sergei"]
[Black "Kocheev, Aleksandr"]
[Result "1-0"]
[WhiteElo "2321"]
[BlackElo "2237"]
[PlyCount "151"]
[EventDate "2009.08.10"]
[EventType "tourn"]
[EventRounds "9"]
[EventCountry "BLR"]
[EventCategory "3"]
[SourceTitle "CBM 132 Extra"]
[Source "ChessBase"]
[SourceDate "2009.11.03"]
[SourceVersion "1"]
[SourceVersionDate "2009.11.03"]
[SourceQuality "1"]

1. d4 d5 2. c4 dxc4 3. Nf3 Nf6 4. e3 Bg4 5. Bxc4 e6 6. Nc3 a6 7. 0-0 Nc6 8. b3 Bd6 9. Be2 0-0 10. Bb2 Qe7 11. Rc1 Rad8 12. h3 Bh5 13. Nd2 Bxe2 14. Qxe2 Bb4 15. f4 Nb8 16. Nce4 Nxe4 17. Nxe4 f5 18. Ng5 h6 19. Nf3 Bd6 20. Bc3 Nd7 21. Be1 Nf6 22. Bh4 Qe8 23. Ne5 Rc8 24. Bxf6 Rxf6 25. Nc4 Rf8 26. Rc2 Qd7 27. Rfc1 Kh7 28. Qf3 b5 29. Na5 Rg8 30. Nb7 Ba3 31. Rb1 Qe7 32. Nc5 Bxc5 33. Rxc5 g5 34. Rbc1 gxf4 35. Qxf4 Rg7 36. R1c2 Qd7 37. Kh1 Qf7 38. Rc6 Qh5 39. Kh2 Qd1 40. Qe5 Rcg8 41. Qxe6 Qh5 42. R6c5 Re8 43. Qxf5+ Qxf5 44. Rxf5 Rxe3 45. Rf6 a5 46. Ra6 a4 47. bxa4 b4 48. Rcc6 Reg3 49. Rc2 Ra3 50. Rac6 Rxa4 51. Rxc7 Rxc7 52. Rxc7+ Kg6 53. Rc2 Kf5 54. d5 Ke5 55. Rd2 Kd6 56. Kg3 h5 57. Kf2 Ra3 58. Rb2 Kc5 59. d6 Rd3 60. Rb3 Rxd6 61. a3 Rd2+ 62. Kf3 bxa3 63. Rxa3 Kb4 64. Re3 Rd5 65. Ke4 Rg5 66. g3 Kc4 67. Kf4 Rg8 68. Re5 h4 69. g4 Kd4 70. Ra5 Rf8+ 71. Rf5 Rg8 72. g5 Re8 73. g6 Re1 74. g7 Rf1+ 75. Kg5 Rg1+ 76. Kf6 1-0

[Event "Moscow 05"]
[Site "Moscow"]
[Date "2009.05.17"]
[Round "10"]
[White "Oparin, Grigoriy"]
[Black "Varnavski, Sergei"]
[Result "0-1"]
[WhiteElo "2257"]
[BlackElo "2283"]
[PlyCount "124"]
[EventDate "2009.05.08"]
[EventType "tourn"]
[EventRounds "11"]
[EventCountry "RUS"]
[EventCategory "3"]
[SourceTitle "CBM 130 Extra"]
[Source "ChessBase"]
[SourceDate "2009.07.02"]
[SourceVersion "2"]
[SourceVersionDate "2009.07.15"]
[SourceQuality "1"]

1. e4 c5 2. Nf3 Nc6 3. Nc3 e6 4. d4 cxd4 5. Nxd4 a6 6. Be2 Qc7 7. 0-0 Nf6 8. Be3 Bb4 9. Na4 b5 10. Nxc6 dxc6 11. Bc5 a5 12. Bxb4 axb4 13. Nc5 Qe5 14. Nd3 Qd4 15. Bf3 e5 16. Qe1 c5 17. Qe3 Qxe3 18. fxe3 Nd7 19. Bg4 Nb6 20. Bxc8 Rxc8 21. Nxe5 0-0 22. Nd3 Nc4 23. Rae1 Nd2 24. Rf4 Rfe8 25. Nf2 Nc4 26. Nd3 Nd6 27. e5 Nc4 28. Re4 f6 29. b3 Nxe5 30. Nxe5 f5 31. Nc4 Rxe4 32. Nd6 Rce8 33. Nxe4 fxe4 34. Ra1 Rd8 35. Rf1 g6 36. Rf4 Ra8 37. Rf1 Rxa2 38. Rc1 Kg7 39. c4 Ra5 40. cxb5 Rxb5 41. Rc4 Kf6 42. Rxe4 Ra5 43. Rc4 Ke6 44. Rc2 Kd5 45. Kf2 Ra3 46. Rd2+ Ke4 47. Rc2 Rxb3 48. Rxc5 Rc3 49. Rb5 b3 50. Ke2 Rc2+ 51. Kd1 Rxg2 52. Rxb3 Rxh2 53. Ke1 g5 54. Kf1 g4 55. Ra3 h5 56. Rb3 h4 57. Ra3 Rd2 58. Kg1 h3 59. Kh1 g3 60. Ra1 Kxe3 61. Re1+ Kf3 62. Ra1 Ke2 0-1

[Event "Moscow 05"]
[Site "Moscow"]
[Date "2009.05.14"]
[Round "7"]
[White "Varnavski, Sergei"]
[Black "Bagirov, Rufat"]
[Result "1-0"]
[WhiteElo "2283"]
[BlackElo "2484"]
[PlyCount "55"]
[EventDate "2009.05.08"]
[EventType "tourn"]
[EventRounds "11"]
[EventCountry "RUS"]
[EventCategory "3"]
[SourceTitle "CBM 130 Extra"]
[Source "ChessBase"]
[SourceDate "2009.07.02"]
[SourceVersion "2"]
[SourceVersionDate "2009.07.15"]
[SourceQuality "1"]

1. d4 e6 2. c4 d5 3. Nc3 Bb4 4. Qc2 c5 5. dxc5 Nc6 6. a3 Bxc5 7. e3 Nf6 8. Nf3 0-0 9. b4 Bd6 10. Bb2 a5 11. b5 Ne5 12. Nxe5 Bxe5 13. c5 Qe7 14. Na4 Bc7 15. Rc1 e5 16. Be2 Be6 17. 0-0 Rad8 18. Rfd1 Ng4 19. h3 Nh6 20. e4 Qg5 21. exd5 Bxd5 22. Bf1 Bf3 23. Rxd8 Rxd8 24. Qc3 Bd1 25. b6 Bb8 26. c6 bxc6 27. Nc5 Qe7 28. Na6 1-0

[Event "Moscow-ch sf"]
[Site "Moscow"]
[Date "2009.03.28"]
[Round "8"]
[White "Krapivin, Alexander"]
[Black "Varnavski, Sergei"]
[Result "1-0"]
[WhiteElo "2514"]
[BlackElo "2283"]
[PlyCount "47"]
[EventDate "2009.03.21"]
[EventType "swiss"]
[EventRounds "9"]
[EventCountry "RUS"]
[SourceTitle "EXT 2010"]
[Source "ChessBase"]
[SourceDate "2010.11.25"]
[SourceVersion "1"]
[SourceVersionDate "2010.11.25"]
[SourceQuality "1"]

1. e4 c5 2. Nc3 Nc6 3. g3 g6 4. Bg2 Bg7 5. d3 d6 6. Be3 Rb8 7. Qd2 b5 8. Nf3 b4 9. Nd1 Nd4 10. 0-0 Nxf3+ 11. Bxf3 h5 12. d4 c4 13. c3 Qa5 14. e5 dxe5 15. dxe5 Bxe5 16. cxb4 Qxb4 17. Qxb4 Rxb4 18. Bc5 Rxb2 19. Nxb2 Bxb2 20. Rab1 c3 21. Bd4 Nf6 22. Bxc3 Bxc3 23. Rfc1 Bf5 24. Rb8+ 1-0

[Event "Moscow-ch sf"]
[Site "Moscow"]
[Date "2009.03.22"]
[Round "2"]
[White "Varnavski, Sergei"]
[Black "Belov, Igor"]
[Result "1/2-1/2"]
[WhiteElo "2283"]
[BlackElo "2443"]
[PlyCount "106"]
[EventDate "2009.03.21"]
[EventType "swiss"]
[EventRounds "9"]
[EventCountry "RUS"]
[SourceTitle "EXT 2010"]
[Source "ChessBase"]
[SourceDate "2010.11.25"]
[SourceVersion "1"]
[SourceVersionDate "2010.11.25"]
[SourceQuality "1"]

1. Nf3 g6 2. g3 Bg7 3. Bg2 d5 4. 0-0 e5 5. d3 Ne7 6. e4 0-0 7. Nc3 d4 8. Ne2 c5 9. c4 dxc3 10. bxc3 Nbc6 11. Bg5 h6 12. Be3 b6 13. Qd2 Kh7 14. Rad1 Be6 15. h4 Rc8 16. Rfe1 Rc7 17. h5 Rd7 18. Nc1 Rd6 19. Qc2 Bc8 20. hxg6+ fxg6 21. Nd2 Rdf6 22. Rf1 g5 23. Ne2 Nd4 24. cxd4 exd4 25. Bxd4 cxd4 26. Rc1 Nc6 27. f4 gxf4 28. gxf4 Rg6 29. Nf3 Bh3 30. Rf2 Ne5 31. Nxe5 Bxe5 32. fxe5 Rxf2 33. Qc7+ Rg7 34. Qxg7+ Kxg7 35. Kxf2 Qh4+ 36. Kf1 Bxg2+ 37. Kxg2 Qg5+ 38. Kf1 Qd2 39. Rc7+ Kg6 40. Rd7 Qxd3 41. Rxd4 Qb1+ 42. Kf2 Qxa2 43. Ke3 Kg5 44. Rd7 Qa3+ 45. Kf2 Qf8+ 46. Ke3 b5 47. e6 Qe8 48. Nd4 a5 49. Rd5+ Kg6 50. Rxb5 a4 51. Ra5 h5 52. Nf3 h4 53. Rg5+ Kh6 1/2-1/2

[Event "Moscow Pripis Memorial"]
[Site "Moscow"]
[Date "2008.11.??"]
[Round "9"]
[White "Arslanov, Shamil"]
[Black "Varnavski, Sergei"]
[Result "0-1"]
[WhiteElo "2280"]
[BlackElo "2273"]
[PlyCount "76"]
[EventDate "2008.11.??"]
[EventType "tourn"]
[EventRounds "11"]
[EventCountry "RUS"]
[EventCategory "3"]
[SourceTitle "EXT 2010"]
[Source "ChessBase"]
[SourceDate "2010.11.25"]
[SourceVersion "1"]
[SourceVersionDate "2010.11.25"]
[SourceQuality "1"]

1. e4 c5 2. c3 Nf6 3. e5 Nd5 4. d4 Nc6 5. dxc5 e6 6. c4 Nc7 7. Be3 Nxe5 8. Nc3 Be7 9. Bd4 f6 10. Bxe5 fxe5 11. Qh5+ g6 12. Qxe5 0-0 13. Ne4 Na6 14. a3 Nxc5 15. Nxc5 Rf5 16. Qc3 Rxc5 17. Qe3 b5 18. b4 Rf5 19. Nf3 Bb7 20. Bd3 Bg5 21. Qe2 Qf6 22. 0-0 Bxf3 23. gxf3 Re5 24. Qd1 Bf4 25. Re1 Qh4 26. Rxe5 Qh3 27. Ra2 Bxh2+ 28. Kh1 Bxe5+ 29. Kg1 Rf8 30. Be4 Rf4 31. Qxd7 Rh4 32. Qc8+ Kg7 33. Qb7+ Kh6 34. f4 Qg4+ 35. Bg2 Qd1+ 36. Bf1 Rg4+ 37. Kh2 Bxf4+ 38. Kh3 Rh4+ 0-1

[Event "Moscow Pripis Memorial"]
[Site "Moscow"]
[Date "2008.11.??"]
[Round "10"]
[White "Varnavski, Sergei"]
[Black "Belous, Vladimir"]
[Result "0-1"]
[WhiteElo "2273"]
[BlackElo "2428"]
[PlyCount "122"]
[EventDate "2008.11.??"]
[EventType "tourn"]
[EventRounds "11"]
[EventCountry "RUS"]
[EventCategory "3"]
[SourceTitle "EXT 2010"]
[Source "ChessBase"]
[SourceDate "2010.11.25"]
[SourceVersion "1"]
[SourceVersionDate "2010.11.25"]
[SourceQuality "1"]

1. d4 Nf6 2. g3 g6 3. Bg2 Bg7 4. e4 d6 5. Nc3 0-0 6. Nge2 c6 7. a4 a5 8. 0-0 Na6 9. h3 Qc7 10. Bg5 e5 11. Qd2 Re8 12. Rad1 exd4 13. Nxd4 Nc5 14. Rfe1 Nfd7 15. Bh6 Bf6 16. Bg5 Bh8 17. Nde2 Ne5 18. g4 Qb6 19. b3 Be6 20. Be3 Rad8 21. f4 Nxg4 22. hxg4 Bxg4 23. Bd4 Bxd4+ 24. Qxd4 Qb4 25. Kf2 Ne6 26. Qxb4 axb4 27. Kg3 h5 28. Na2 Nc5 29. Nac1 Nxe4+ 30. Bxe4 Rxe4 31. Ng1 Rde8 32. Rxe4 Rxe4 33. Rd2 f6 34. Nd3 Kf7 35. Nf2 Re3+ 36. Kh2 Bf5 37. Ne2 d5 38. Nd4 Bd7 39. Re2 Rc3 40. Nd3 Bg4 41. Rd2 h4 42. Ne2 Bxe2 43. Rxe2 c5 44. a5 g5 45. fxg5 fxg5 46. Kh1 Kf6 47. Rf2+ Ke6 48. Re2+ Kd6 49. Rg2 h3 50. Rxg5 Rxc2 51. Rg6+ Kc7 52. Nf4 d4 53. Nd5+ Kd7 54. Nb6+ Ke7 55. Nd5+ Kf7 56. Rf6+ Kg7 57. Rf3 Rc3 58. Rxc3 dxc3 59. Nf4 c4 60. bxc4 c2 61. Nd3 b3 0-1

[Event "Moscow Pripis Memorial"]
[Site "Moscow"]
[Date "2008.11.??"]
[Round "8"]
[White "Varnavski, Sergei"]
[Black "Morozov, Grigory"]
[Result "1/2-1/2"]
[WhiteElo "2273"]
[BlackElo "2337"]
[PlyCount "123"]
[EventDate "2008.11.??"]
[EventType "tourn"]
[EventRounds "11"]
[EventCountry "RUS"]
[EventCategory "3"]
[SourceTitle "EXT 2010"]
[Source "ChessBase"]
[SourceDate "2010.11.25"]
[SourceVersion "1"]
[SourceVersionDate "2010.11.25"]
[SourceQuality "1"]

1. d4 d5 2. c4 e6 3. Nc3 c6 4. cxd5 exd5 5. Qc2 Bd6 6. Nf3 Ne7 7. Bg5 f6 8. Bh4 Bf5 9. Qd2 Nd7 10. e3 Nf8 11. Bg3 Ne6 12. Bxd6 Qxd6 13. Nh4 Bg6 14. Nxg6 hxg6 15. g3 g5 16. Bg2 f5 17. 0-0-0 0-0-0 18. Kb1 Rh6 19. h3 Kb8 20. Rhe1 Ng8 21. g4 fxg4 22. hxg4 Rh2 23. Rg1 Rf8 24. Qe1 Ne7 25. Rd2 Ng6 26. Bh1 Nh4 27. e4 Rxh1 28. Rxh1 Nf3 29. Qe3 Nxd2+ 30. Qxd2 dxe4 31. Nxe4 Qf4 32. Qxf4+ Rxf4 33. Nc5 Nxd4 34. Rh8+ Kc7 35. Rg8 Rf7 36. a3 Re7 37. Nd3 Kb6 38. Kc1 Nf3 39. Rf8 Nh2 40. f4 Nxg4 41. fxg5 Ne5 42. Nf4 Rf7 43. Rxf7 Nxf7 44. g6 Nd6 45. Ne6 Ne8 46. b4 a5 47. Kb2 axb4 48. axb4 Ka7 49. Kc3 Kb8 50. Kd4 Kc8 51. Kc5 Kd7 52. Nf4 Kc7 53. Ne6+ Kd7 54. Nd4 Kc7 55. Ne6+ Kc8 56. Kb6 Kb8 57. Nd8 Nd6 58. Ne6 Nf5 59. Nd8 Ne7 60. Ne6 Nxg6 61. b5 Ne7 62. bxc6 1/2-1/2

[Event "Moscow Rating"]
[Site "Moscow"]
[Date "2008.10.??"]
[Round "5"]
[White "Mukhin, Anton"]
[Black "Varnavski, Sergei"]
[Result "0-1"]
[WhiteElo "2135"]
[BlackElo "2273"]
[PlyCount "114"]
[EventDate "2008.09.30"]
[EventType "tourn"]
[EventRounds "11"]
[EventCountry "RUS"]
[SourceTitle "EXT 2022"]
[Source "ChessBase"]
[SourceDate "2021.10.06"]
[SourceVersion "1"]
[SourceVersionDate "2021.10.06"]
[SourceQuality "1"]

1. c4 e6 2. e4 c5 3. Nf3 Nc6 4. d4 cxd4 5. Nxd4 Nf6 6. Nc3 Bb4 7. Nxc6 dxc6 8. Qxd8+ Kxd8 9. e5 Nd7 10. Bg5+ Kc7 11. 0-0-0 h6 12. Bd2 Bxc3 13. Bxc3 b6 14. g3 Bb7 15. Bg2 Rad8 16. Rd6 c5 17. Bxb7 Kxb7 18. Rhd1 Kc7 19. f4 h5 20. f5 exf5 21. e6 fxe6 22. Rxe6 Rde8 23. Rg6 Re7 24. Bxg7 Rh7 25. Bh6 Ne5 26. Bf4 Kb7 27. Bxe5 Rxe5 28. Rf1 h4 29. Rg5 hxg3 30. hxg3 Re2 31. Rgxf5 Rhh2 32. Rf7+ Ka6 33. b3 Rxa2 34. Kb1 Rhb2+ 35. Kc1 Rg2 36. Kb1 Rab2+ 37. Kc1 Rxb3 38. R1f3 Rxg3 39. Rxb3 Rxb3 40. Kc2 Rh3 41. Rc7 Ka5 42. Rxa7+ Kb4 43. Rb7 Rh6 44. Kd3 Rd6+ 45. Kc2 Kxc4 46. Rf7 b5 47. Rf5 b4 48. Rf3 Rd4 49. Rg3 Rh4 50. Rg2 b3+ 51. Kb2 Kb4 52. Rg8 Rh2+ 53. Kc1 c4 54. Rg1 c3 55. Kb1 Ka3 56. Rc1 Rb2+ 57. Ka1 Rd2 0-1

[Event "Moscow Rating"]
[Site "Moscow"]
[Date "2008.10.??"]
[Round "11"]
[White "Saidova, Ekaterina"]
[Black "Varnavski, Sergei"]
[Result "0-1"]
[WhiteElo "1769"]
[BlackElo "2273"]
[PlyCount "46"]
[EventDate "2008.09.30"]
[EventType "tourn"]
[EventRounds "11"]
[EventCountry "RUS"]
[SourceTitle "EXT 2022"]
[Source "ChessBase"]
[SourceDate "2021.10.06"]
[SourceVersion "1"]
[SourceVersionDate "2021.10.06"]
[SourceQuality "1"]

1. d4 Nf6 2. Nc3 c5 3. Nf3 cxd4 4. Nxd4 d5 5. e3 e5 6. Nde2 Nc6 7. b3 d4 8. exd4 exd4 9. Nb5 Qa5+ 10. Bd2 Qxb5 11. c3 d3 12. Nd4 Qe5+ 13. Be2 Bd6 14. Nxc6 bxc6 15. f4 Qe7 16. Rf1 Bg4 17. Rf2 0-0 18. b4 Rfe8 19. h3 Bxe2 20. Rxe2 dxe2 21. Qc1 Ng4 22. Be3 Rad8 23. Kxe2 Nxe3 0-1

[Event "Moscow Rating"]
[Site "Moscow"]
[Date "2008.10.??"]
[Round "4"]
[White "Varnavski, Sergei"]
[Black "Djafarov, Djafar"]
[Result "1-0"]
[WhiteElo "2273"]
[BlackElo "1800"]
[PlyCount "55"]
[EventDate "2008.09.30"]
[EventType "tourn"]
[EventRounds "11"]
[EventCountry "RUS"]
[SourceTitle "EXT 2022"]
[Source "ChessBase"]
[SourceDate "2021.10.06"]
[SourceVersion "1"]
[SourceVersionDate "2021.10.06"]
[SourceQuality "1"]

1. d4 d5 2. c4 c6 3. Nc3 Nf6 4. Nf3 dxc4 5. a4 Bg4 6. Ne5 Bf5 7. f3 Nbd7 8. e4 Bg6 9. Nxc4 e6 10. Qb3 Rb8 11. Bf4 Ra8 12. Qxb7 Qc8 13. Qb3 Be7 14. Nd6+ Bxd6 15. Bxd6 Nb6 16. a5 Nbd7 17. Rc1 h5 18. Bc4 h4 19. 0-0 Rh5 20. d5 cxd5 21. exd5 Rb8 22. Bxb8 Qxb8 23. dxe6 fxe6 24. Qxb8+ Nxb8 25. Rfe1 Rxa5 26. b4 Rg5 27. Bxe6 Nc6 28. f4 1-0

[Event "Minsk Inautomarket op"]
[Site "Minsk"]
[Date "2007.07.13"]
[Round "4"]
[White "Varnavski, Sergei"]
[Black "Korobkov, Piotr"]
[Result "1/2-1/2"]
[WhiteElo "2274"]
[BlackElo "2423"]
[PlyCount "117"]
[EventDate "2007.07.10"]
[EventType "swiss"]
[EventRounds "9"]
[EventCountry "BLR"]
[SourceTitle "EXT 2008"]
[Source "ChessBase"]
[SourceDate "2007.11.25"]
[SourceVersion "1"]
[SourceVersionDate "2007.11.25"]
[SourceQuality "1"]

1. d4 Nf6 2. c4 e6 3. Nc3 Bb4 4. Qc2 c5 5. dxc5 Na6 6. a3 Qa5 7. Bd2 Nxc5 8. Rd1 Bxc3 9. Bxc3 Qa4 10. Qxa4 Nxa4 11. Bd4 d6 12. Bxf6 gxf6 13. b3 Nc5 14. b4 Na4 15. Rxd6 a5 16. b5 Ke7 17. Rd1 e5 18. Nf3 Be6 19. e3 Rac8 20. Nd2 Nc3 21. Rc1 Nxb5 22. a4 Nc7 23. Rb1 Rb8 24. c5 Rhc8 25. Nc4 Bxc4 26. Bxc4 Ne6 27. Bxe6 fxe6 28. Ke2 Rxc5 29. Rb6 Rc2+ 30. Kf3 e4+ 31. Kxe4 Rxf2 32. Rhb1 Rxg2 33. Rxb7+ Rxb7 34. Rxb7+ Kd6 35. Rb6+ Kd7 36. Rb7+ Kc6 37. Rxh7 Rg4+ 38. Kf3 Rxa4 39. Rh6 Ra1 40. Ke4 Rf1 41. h4 Kd6 42. Rh8 f5+ 43. Kd3 Ke5 44. h5 Rf3 45. Ra8 Rh3 46. Rxa5+ Kf6 47. Kd4 Rxh5 48. Ra6 Rh2 49. Kd3 Rb2 50. Kc3 Rb5 51. Kd3 Ke5 52. Ke2 Rb4 53. Kf3 Rh4 54. Ra5+ Kf6 55. Ra6 Rh3+ 56. Ke2 Rh6 57. Ra8 Rh7 58. Ra6 Rd7 59. Kf3 1/2-1/2

[Event "Pardubice op-A"]
[Site "Pardubice"]
[Date "2006.07.29"]
[Round "9"]
[White "Ivanov, Alexey2222"]
[Black "Varnavski, Sergei"]
[Result "1-0"]
[WhiteElo "2408"]
[BlackElo "2244"]
[PlyCount "49"]
[EventDate "2006.07.21"]
[EventType "swiss"]
[EventRounds "9"]
[EventCountry "CZE"]
[SourceTitle "CBM 113 Extra"]
[Source "ChessBase"]
[SourceDate "2006.09.14"]
[SourceVersion "1"]
[SourceVersionDate "2006.09.14"]
[SourceQuality "1"]

1. e4 c5 2. Nf3 Nc6 3. d4 cxd4 4. Nxd4 e5 5. Nb5 d6 6. N1c3 a6 7. Na3 b5 8. Nd5 Nge7 9. c4 Nxd5 10. cxd5 Nd4 11. Be3 Qh4 12. Bd3 Bg4 13. Qd2 Bf3 14. Bxd4 Bxg2 15. Rg1 Qxh2 16. f4 exd4 17. Rxg2 Qh4+ 18. Qf2 Qf6 19. 0-0-0 g6 20. Kb1 Bh6 21. Rf1 0-0 22. Nc2 Bg7 23. Nb4 Qd8 24. Nc6 Qb6 25. Ne7+ 1-0

[Event "Pardubice op-A"]
[Site "Pardubice"]
[Date "2006.07.21"]
[Round "1"]
[White "Lechtynsky, Jiri"]
[Black "Varnavski, Sergei"]
[Result "1/2-1/2"]
[WhiteElo "2433"]
[BlackElo "2244"]
[PlyCount "74"]
[EventDate "2006.07.21"]
[EventType "swiss"]
[EventRounds "9"]
[EventCountry "CZE"]
[SourceTitle "CBM 113 Extra"]
[Source "ChessBase"]
[SourceDate "2006.09.14"]
[SourceVersion "1"]
[SourceVersionDate "2006.09.14"]
[SourceQuality "1"]

1. d4 Nf6 2. Nf3 g6 3. c4 Bg7 4. Nc3 0-0 5. Bg5 h6 6. Bh4 d6 7. e3 Nbd7 8. Be2 e5 9. Qc2 c6 10. Rd1 Qe7 11. dxe5 dxe5 12. Nd2 Nc5 13. b4 Na6 14. a3 Bf5 15. Bd3 Bxd3 16. Qxd3 Nc7 17. Bxf6 Bxf6 18. Nce4 a5 19. 0-0 Bg7 20. Qb3 axb4 21. axb4 b6 22. Nb1 Na6 23. b5 Nc5 24. Nxc5 Qxc5 25. bxc6 Qxc6 26. Nc3 Rac8 27. Nd5 Qxc4 28. Qxb6 Qc5 29. Nf6+ Bxf6 30. Qxf6 Rc6 31. Qf3 Rd6 32. Rxd6 Qxd6 33. Rd1 Qe7 34. Qd5 Kg7 35. g3 h5 36. h4 Rc8 37. Qe4 Rc5 1/2-1/2